Les 15 pays asiatiques les plus peuplés - Statistiques

Statistiques générales
  • Ce quiz a été pris 360 fois
  • Le résultat moyen est 12 sur 15
Statistiques - réponses
Nombre d'habitants Pays % Correct
1 425 700 000 Chine
100%
1 428 600 000 Inde
98%
123 300 000 Japon
98%
277 500 000 Indonésie
93%
51 800 000 Corée du Sud
92%
240 500 000 Pakistan
90%
71 800 000 Thaïlande
87%
98 900 000 Viêt Nam
84%
89 200 000 Iran
82%
173 000 000 Bangladesh
78%
45 500 000 Irak
75%
117 300 000 Philippines
75%
85 800 000 Turquie
75%
42 200 000 Afghanistan
70%
54 600 000 Myanmar
19%
Aucun quiz correspondant
Distribution des résultats
% des personnes avec chaque résultat
Percentile par nombre de réponses
Votre historique - résultats
Vous n’avez pas pris ce quiz